Orvosi hetilap 1962. 103 No 50. : [absztraktok]
Elmentve itt :
| Dokumentumtípus: | Cikk |
|---|---|
| Sorozat: | Kolligátum
|
| Kulcsszavak: | Orvostudomány - tanulmány |
| Online Access: | http://misc.bibl.u-szeged.hu/27309 |
| LEADER | 00485nab a2200145 i 4500 | ||
|---|---|---|---|
| 001 | misc27309 | ||
| 005 | 20191111110805.0 | ||
| 008 | 170825suuuu hu o 0|| zxx d | ||
| 040 | |a SZTE Miscellanea Repozitórium |b hun | ||
| 041 | |a zxx | ||
| 245 | 0 | 0 | |a Orvosi hetilap |h [elektronikus dokumentum] : |b 1962. 103 No 50. : [absztraktok] |
| 300 | |a 1-3 | ||
| 490 | 0 | |a Kolligátum | |
| 695 | |a Orvostudomány - tanulmány | ||
| 856 | 4 | 0 | |u http://misc.bibl.u-szeged.hu/27309/1/020_006_001-003a.pdf |z Dokumentum-elérés |